The theory of group characters and matrix representations of groups

Αποθηκεύτηκε σε:
Λεπτομέρειες βιβλιογραφικής εγγραφής
Κύριος συγγραφέας: Littlewood, Dudley Ernest
Μορφή: Βιβλίο
Γλώσσα:English
Δημοσίευση: Providence, R.I. : AMS Chelsea Pub., [2005]
Έκδοση:2η εκδ.
Θέματα:
Ετικέτες: Προσθήκη ετικέτας
Δεν υπάρχουν, Καταχωρήστε ετικέτα πρώτοι!

MARC

LEADER 00000nam a2200000 i 4500
001 1/2172
008 091104s2005 eng d
020 |a 0-8218-4067-3 
035 |l 10105882 
040 |a GR-MY-UA  |b gre  |e aacr 
041 0 |a eng 
082 0 |a 512.22  |2 (22) 
100 1 |a Littlewood, Dudley Ernest. 
245 1 4 |a The theory of group characters and matrix representations of groups /  |c Dudley E. Littlewood 
250 |a 2η εκδ. 
260 |a Providence, R.I. :   |b AMS Chelsea Pub.,   |c [2005] 
300 |a viii, 310 σ.;  |c 27 εκ. 
500 |a Originally published: Oxford : Clarendon Press, 1950. 
504 |a Βιβλιογραφία: σ. [301]-307. Ευρετήριο 
650 0 0 |a Representations of groups. 
650 0 0 |a Characters of groups. 
650 0 0 |a Matrices. 
852 |a INST  |b SAMOS  |e 20091104  |h 512.22 LIT  |p 005300028604  |q 005300028604  |t BK  |y 0 
901 |a BIBL3-2009-3 
909 |a Σ  |b 145610 
922 |a 3ΕΛΗ  |b 200801  |c ΕΠΕΑΕΚ2/ΤΜΗΜΑ ΜΑΘΗΜΑΤΙΚΩΝ  |d ΕΛΕΥΘΕΡΟΥΔΑΚΗΣ 
970 |a ΚΟΣΙΕΡΗΣ  |b ΧΡΗΣΤΟΣ  |z 2009/11/04